| 000 | 00420nam a22001337a 4500 | ||
|---|---|---|---|
| 008 | 230602b xxu||||| |||| 00| 0 eng d | ||
| 082 |
_a305.6762 _bSID |
||
| 100 | _d2006 | ||
| 245 |
_aReadings on Inequality in Kenya _bSectoral Dynamics and Perspectives _cSociety for International Development, East Africa |
||
| 260 |
_aKenya _bSociety for International Development _c2006 |
||
| 300 | _a408 | ||
| 440 | _v1 | ||
| 942 |
_2ddc _cBK |
||
| 999 |
_c185 _d185 |
||